[Event "EU-ch 6th"]
[Site "Warsaw"]
[Date "2005.06.23"]
[Round "6"]
[White "Romanov, Evgeny"]
[Black "Potkin, Vladimir"]
[Result "0-1"]
[WhiteElo "2437"]
[BlackElo "2552"]
[Annotator "Ribli,Z"]
[PlyCount "58"]
[EventDate "2005.06.18"]
[EventType "swiss"]
[EventRounds "13"]
[EventCountry "POL"]
[SourceTitle "CBM 108"]
[Source "ChessBase"]
[SourceDate "2005.09.26"]
[SourceVersion "1"]
[SourceVersionDate "2005.09.26"]
[SourceQuality "1"]

1. e4 c5 2. Nf3 e6 3. d4 cxd4 4. Nxd4 Nc6 5. Nc3 Qc7 6. Be3 a6 7. Qd2 Nf6 8. f3
(8. O-O-O $5) 8... b5 9. O-O-O Ne5 {Das ist die Wiederlegung des Zugs 8.f3. 10.
f4 wäre ein Tempoverlust.} 10. g4 (10. f4 Nc4 11. Bxc4 Qxc4 $13) 10... h6 11.
Be2 (11. Kb1 Bb7 (11... b4) 12. Be2 Nc4 13. Bxc4 Qxc4 14. h4 O-O-O 15. g5 hxg5
16. hxg5 Rxh1 17. Rxh1 Ne8 {1/2-1/2 Zufic,M-Ramesa,M/Rabac 2003/CBM 97 ext (45)
}) 11... b4 12. Na4 d5 $5 {Das sofortige d7-d5 ist die beste Möglichkeit für
Schwarz. Aber in Betracht kommt auch 12...Bb7 und 13...d5.} (12... Bb7 13. h4
d5 14. g5 hxg5 15. hxg5 Rxh1 16. Rxh1 Nfd7 17. exd5 Bxd5 18. b3 Qb7 19. Rh3 Rd8
20. Qe1 Ng6 21. f4 {1/2-1/2 Cheparinov,I-Bocharov,D/EU-ch 6thWarsaw (13) 2005/
(47)}) 13. exd5 (13. Nb3 Bb7 14. Nac5 Nc4 (14... dxe4 $1 15. Nxb7 Qxb7 16. fxe4
Nfxg4 $17 (16... Be7 $132)) 15. Bxc4 dxc4 16. Qxb4 cxb3 17. Qxb7 Qxb7 18. Nxb7
bxa2 19. Kd2 Nd7 20. Ke2 Rb8 21. Nd6+ Bxd6 22. Rxd6 Rxb2 {0-1 Ehlvest,
J-Plaskett,J/Isle of Man 1998/(27)}) 13... Nxd5 $15 {[%csl Ra4,Gd5,Ge5][%cal
Gc8d7,Gd7a4] Weiß hat Entwicklungsvorteil, aber der Na4 schlecht steht;
während Schwarz alle wichtige Punkten im Zentrum kontrolliert und 14...
Bd7droht .} 14. f4 Nc4 15. Bxc4 Qxc4 16. b3 (16. Kb1 Bd7 17. b3 Qc7 $17) 16...
Qc7 17. f5 Be7 {Mit Tempo gespielt; es droht 18...Nxe3 19.Qxe3 Bg5 mit
Damengewinn.} 18. h4 {Weiß verteidigt sich gegen 18...Nxe3 und 19...Bg5. Der
Verteidigungszug 18.Kb1 wäre noch schlechter wegen der Schwächung des
c3-Feldes.} (18. Kb1 Bd7 $17 {[%csl Ra4,Rb1,Yc3]}) 18... exf5 19. Nxf5 (19.
gxf5 Bb7 20. Rhg1 O-O-O $17) 19... Bxf5 20. gxf5 Nxe3 21. Qxe3 O-O $17 {
Die schwarze Königsstellung ist sicher, während Weiß große Schwierigkeiten mit
der Sicherung seiner Königsstellung hat.} 22. Nb2 {[%cal Gb2c4] Weiß möchte
seine Springerstellung verbessern und zielt auf das Feld c4.} (22. Rhg1 Rac8
23. Rd2 Bf6 $17 24. Qxh6 $4 Qe5 $19) 22... a5 $1 {[%mdl 128]} 23. Nc4 (23. Kb1
Bf6 $17) 23... a4 24. Kb1 Bf6 {[%csl Rb1,Gf6][%cal Gf6a1]} 25. Rd6 {[%cal
Gd6f6] Weiß möchte auf f6 nehmen, aber Schwarz ist schneller.} axb3 26. cxb3 (
26. Rxf6 bxc2+ 27. Kc1 Qxc4 $19) {[#]} 26... Rxa2 $1 $19 {[%csl Rb1][%mdl 64]
Mit diesem schönem Zug gewinnt Schwarz die Partie.} 27. Rxf6 (27. Kxa2 Ra8+ 28.
Kb1 Ra1+ 29. Kc2 Rxh1 $19) 27... Rfa8 {[%cal Ra8a1,Ra1b1]} 28. Rd6 (28. Rc1
Ra1+ 29. Kc2 Qh2+ 30. Kd3 Rd8+ $19) 28... Ra1+ 29. Kc2 Rxh1 0-1

[Event "RUS-Cup02"]
[Site "Moscow"]
[Date "1998.01.26"]
[Round "6"]
[White "Saltaev, Mihail"]
[Black "Korneev, Oleg"]
[Result "0-1"]
[WhiteElo "2510"]
[BlackElo "2560"]
[Annotator "Ribli,Z"]
[PlyCount "100"]
[EventDate "1998.01.21"]
[EventType "swiss"]
[EventRounds "9"]
[EventCountry "RUS"]
[SourceTitle "CBM 063"]
[Source "ChessBase"]
[SourceDate "1998.03.26"]
[SourceVersion "1"]
[SourceVersionDate "1998.03.26"]
[SourceQuality "1"]

1. e4 c5 2. Nf3 e6 3. d4 cxd4 4. Nxd4 Nc6 5. Nc3 Qc7 6. Be3 a6 7. Bd3 Nf6 8.
O-O Ne5 9. h3 Bc5 10. Kh1 d6 11. f4 Ng6 12. Qf3 O-O 13. Rae1 {Weiß mobilisiert
alle Reserven und steht bereit für einen Angriff am Königsflügel. Die feste
schwarze Stellung weist aber keinerlei Schwächen auf.} (13. Qg3 $6 Nh5 14. Qg5
Nhxf4 15. Rxf4 f6 16. Qg3 Nxf4 17. Qxf4 e5 {0-1 Hamid,M-Al Modiahki,M/Asia-J
1993 (43)}) (13. a4 Bd7 14. Qg3 Qb6 15. a5 Qa7 16. Nce2 e5 17. fxe5 dxe5 18.
Nf5 Bxe3 19. Nxe3 Nh5 20. Qg5 f6 21. Qxh5 Qxe3 {1/2-1/2 Brustkern,J-Pritchett,
C/BL2-N 1993 (32)}) 13... b5 $5 (13... e5 {Nach meiner Meinung führt diese
einfache Möglichkeit ohne Komplikation zum Ausgleich.} 14. Nde2 Bxe3 15. Qxe3
exf4 16. Nxf4 Be6 17. Nxg6 hxg6 18. e5 dxe5 19. Qxe5 Qxe5 20. Rxe5 Nd7 21. Re3
{1/2-1/2 Almasi,Z-Portisch,L/tt_HUN 1996}) 14. Qg3 $146 {[%cal Gg3g8] [#]} (14.
f5 Ne5 15. Qg3 Qb6 $5 (15... Kh8 16. Qh4 b4 17. Nce2 Nxd3 18. cxd3 e5 19. Bg5
Ne8 20. f6 exd4 21. fxg7+ Nxg7 22. Bf6 Rg8 23. Qh6 d5 24. Rf4 dxe4 25. Ng3 Qxf4
26. Qxf4 {1-0 Oral,T-Relange,E/WchJM-U20 Halle 1995}) (15... Bd7 16. Nce2 Kh8
17. Bg5 Nxd3 18. cxd3 e5 19. Bxf6 gxf6 20. Qh4 Qd8 21. Nf3 d5 22. Nc3 Bc6 23.
exd5 {1-0 Hector,J-Lingnau,C/Berliner Sommer 1996}) 16. Nce2 (16. fxe6 $5)
16... Nxd3 $11 17. cxd3 e5 {0-1 Hector,J-Cramling,P/Sigeman and Co 1997 (40)})
(14. Nb3 Bxe3 15. Qxe3 Bb7 $11) (14. e5 $6 Bb7) 14... Nh5 $5 {Schwarz beginnt
konkrete Aktionen. Nach der Partiefortsetzung sehen wir einen scharfen
taktischen Kampf, aber es scheint, daß "Black is O.K.". Es ist interessant,
daß die Weißspieler in dieser Variante mit ...Ng6 bis jetzt keinen
überzeugenden Angriffsplan vorweisen konnten.} (14... Bb7 15. f5 exf5 16. Nxf5
{[%csl Gf5]} Bxe3 17. Rxe3 $14) 15. Qg5 Nhxf4 $13 (15... Nf6 {und die große
Frage ist, ob Weiß etwas besseres als 16.Qg3 mit Zugwiederholung hat, denn die
Dame steht nach meiner Meinung unglücklich auf g5.} 16. e5 (16. Nf3 $2 Bxe3 17.
Rxe3 h6 18. Qg3 Nh5 $17 {[%cal Rh5g3,Rh5f4]}) (16. f5 Ne5) 16... dxe5 17. fxe5
Qxe5 (17... h6) 18. Nxe6 Bxe6 (18... Qxg5 19. Nxg5 Bxe3 20. Rxe3 $11) 19. Qxe5
Nxe5 20. Bxc5 Nxd3 21. cxd3 $11) 16. Rxf4 (16. Bxf4 $6 Bxd4 $17) 16... b4 (
16... Nxf4 17. Qxf4 e5 18. Qh4 Bxd4 (18... exd4 19. e5 $40) 19. Bxd4 exd4 20.
e5 {[%csl Rg8][%cal Rh4h7]} g6 (20... h6 21. Nd5 Qd8 (21... Qa5 22. b4) 22. Qe4
{[%cal Rd3h7]} (22. Ne7+ Kh8 23. Qe4)) (20... f5 21. exf6 gxf6 22. Nd5 Qg7 23.
Re7 Rf7 24. Re8+ Rf8 25. Bxh7+ Qxh7 26. Nxf6+ $18) 21. Nd5 Qd8 22. Nf6+ $18) (
16... h6 $5 17. Qg3 Nxf4 18. Bxf4 (18. Qxf4 e5 19. Qg3 Bxd4 20. Nd5 Qa7 21.
Bxh6 f6 $17) 18... Bxd4 19. Bxd6 Qb6 20. Bxf8 Kxf8 $15 {[%cal Rd4f2] Schwarz
hat das Läuferpaar und keine Schwächen, während Weiß keinen Angriff entfalten
kann.}) 17. Nce2 e5 (17... Nxf4 $2 18. Nxf4 e5 (18... Bxd4 19. Bxd4 e5 20. Nd5
$16) 19. Nd5 $16) 18. Rf3 exd4 19. Bxd4 (19. Nxd4 Ne5 $15) 19... Be6 $15 {
Endlich etwas Ruhe in der Stellung. Nach unklaren Verwicklungen wir haben eine
Stellung erreicht, die Weiß keine Angriffchancen bietet, da Schwarz den
wichtigen Punkt e5 kontrolliert. Ich merke an, daß der weißfeldrige Läufer -
wie häufig in dieser Variante - nicht besonders gut steht.} 20. Rg3 f6 21. Qh5
Ne5 {[%csl Ge5]} 22. b3 (22. Bxe5 dxe5 $17) 22... Kh8 23. Rf1 a5 {[%cal Ga5a4]
Schwarz verfügt neben der überlegenen Figurenstellung im Zentrum auch über
Möglichkeiten am Damenflügel.} 24. Bb2 Qf7 (24... a4 25. Nf4 Bf7 $15) 25. Nf4 (
25. Qxf7 Bxf7 $15) 25... Qxh5 26. Nxh5 Ra7 {[%cal Ga7h7]} 27. Bb5 {Der Läufer
stand schlecht auf d3 und so bereitet Weiß den Verteidigungszug 28.Ba4 vor.}
Rb7 28. Ba4 {Der Läufer verhindert das aktive schwarze Spiel am Damenflügel,
steht aber weit entfernt vom eigentlichen Kampf.} f5 $5 29. exf5 (29. Bc6 Rbf7
$1 (29... Nxc6 30. Nxg7 Bd4 31. Nxe6 $16) (29... Rc7 30. Bd5 Bxd5 31. exd5 {
[%csl Re6][%cal Gh5f4,Gf4e6]}) 30. Bd5 fxe4 $1 (30... Bxd5 31. exd5 f4 $17 {
[%csl Rh5]}) 31. Rxf7 Bxf7 $19) (29. Nf4 $2 fxe4 $17 {[%cal Rf8f1]} 30. Ng6+ $2
$19 (30. Bxe5 $2 dxe5 31. Ng6+ hxg6 32. Rxf8+ Bxf8) 30... Nxg6) 29... Rxf5 30.
Rxf5 Bxf5 {[%csl Rc2][%cal Rf5c2]} 31. c3 (31. Bc6 Rc7 $1 (31... Nxc6 32. Nxg7
Bg6 {Weiß hat kein nützliches Abzugsschach.})) 31... h6 32. cxb4 axb4 33. Bc6
$5 (33. Nf4 Bf2 $17 {[%csl Rg3] Schwarz gewinnt eine Qualität.}) 33... Nxc6 (
33... Ra7 $17 {[%cal Ra7a2]}) 34. Nxg7 (34. Bxg7+ Kg8 (34... Kh7 $4 35. Nf6#)
35. Bxh6+ (35. Nf6+ Kf7 $19) 35... Kh7 $19 (35... Kf7 $2 36. Rg7+ {[%cal Rg7b7]
})) 34... Bd4 $17 35. Nxf5 Bxb2 {Schwarz hat eine Mehrfigur, aber technische
Probleme wegen der schwachen Bauern d6 und h6.} 36. Rg6 $17 (36. Nxd6 Rd7 (
36... Re7 $17)) 36... Be5 37. g4 {Weiß befreit die Grundreihe.} (37. Nxd6 Rd7
38. Ne4 Rd1#) 37... Bf4 38. Nxd6 Re7 (38... Rd7 $17) 39. Rf6 Bg5 40. Rf8+ Kh7
41. Nf5 Rd7 {Weiß hat bereits zwei Bauern für den Läufer und das Material ist
reduziert, aber das überzeugende Zusammenspiel der schwarzen Figuren bietet
dem Schwarzen klaren Vorteil.} 42. h4 Bd8 (42... Bf4 $17) 43. Re8 Nd4 44. Re4 (
44. Nxd4 Rxd4 $17) 44... Nxf5 45. gxf5 Be7 46. Kg2 Kg7 47. Kg3 Kf7 {Der
schwarze König verteidigt den Läufer auf e7 und entlastet so den Turm.} 48. Kg4
Rd2 $19 {[%csl Ra2,Gb4,Ge7][%cal Rd2a2]} 49. Re6 h5+ $1 50. Kf4 (50. Kxh5 Rd4
$19 {[%cal Rd4h4] Der weiße König befindet sich im Mattnetz.}) 50... Rf2+ {
und Weiß gab in verlorener Stellung auf. Es hängen a2 / h4 und Schwarz hat
zudem seine Mehrfigur. Ribli.} 0-1

[Event "EU-Cup 09th final"]
[Site "Hilversum"]
[Date "1993.12.10"]
[Round "1"]
[White "Boudre, Jean Pierre"]
[Black "Dizdarevic, Emir"]
[Result "0-1"]
[WhiteElo "2380"]
[BlackElo "2540"]
[Annotator "Ribli,Z"]
[PlyCount "112"]
[EventDate "1993.12.10"]
[EventType "team-k.o."]
[EventRounds "3"]
[EventCountry "NED"]
[SourceTitle "EXT 2020"]
[Source "ChessBase"]
[SourceDate "2019.10.17"]
[SourceVersion "1"]
[SourceVersionDate "2019.10.17"]
[SourceQuality "1"]
[WhiteTeam "La Dame Blanche Auxerre"]
[BlackTeam "Sarajevo Bosna"]
[WhiteTeamCountry "FRA"]
[BlackTeamCountry "BIH"]

1. e4 c5 2. Nf3 e6 3. d4 cxd4 4. Nxd4 a6 5. Nc3 Qc7 6. Bd3 Nc6 7. Be3 Nf6 8.
O-O Bd6 9. Nxc6 bxc6 10. f4 e5 11. f5 Be7 12. Qf3 (12. Na4 d5 $13 {Kasparov,
G-Portisch,L/Debrecen/1992/INF56,200/}) 12... Bb7 13. Na4 d5 14. c4 (14. Bb6
Qb8 $13 {Dueckstein,A-Portisch,L/Raach/1969/INF08,347/}) 14... d4 15. Bd2 c5
16. b3 h6 17. Rae1 a5 18. Nb2 (18. g4 Nh7 19. Qg3 Bg5 20. Bxg5 hxg5 $15) 18...
Nd7 19. Qg3 (19. g4 Bg5 20. Bxg5 hxg5 $15) 19... Kf8 20. Bc2 Qd8 $1 21. f6 $6 (
21. Qh3 Bg5 $13) 21... Bxf6 22. Nd3 Ra6 $1 23. Re2 Bh4 $1 24. Qh3 Kg8 25. Bd1
Bg5 26. Bxg5 hxg5 27. Qg3 Qe7 $17 28. Ree1 f6 29. Bg4 Nf8 30. Bf5 Rh4 31. Qf2
g6 32. g3 gxf5 (32... Rh8 33. Bg4 Kg7 $17) 33. gxh4 fxe4 34. hxg5 exd3 35. gxf6
Qf7 36. Rxe5 Qg6+ 37. Qg3 Qxg3+ 38. hxg3 Ne6 39. g4 Kf7 40. g5 Bc8 41. Rf2 (41.
g6+ Kxg6 42. f7 Nf8 43. Re8 Bh3 44. Rf2 Kg7 $19) 41... Ra7 $1 42. Rh2 a4 43.
bxa4 (43. Rh7+ Kg8 44. Rxa7 d2 $19) 43... Rxa4 44. Rd2 Rxc4 45. Rxd3 Rc1+ 46.
Kf2 Rc2+ 47. Kg3 Rxa2 48. Rf3 Ra7 $1 49. Ref5 c4 50. Kh4 Kg6 51. f7 Nf8 52. Rc5
Be6 53. Rf6+ Kg7 54. Rc6 Bxf7 55. Rfd6 d3 56. Kg4 Ng6 0-1

[Event "Linares Anibal op 08th"]
[Site "Linares"]
[Date "2001.01.15"]
[Round "8"]
[White "Motylev, Alexander"]
[Black "Kobalia, Mihail"]
[Result "1/2-1/2"]
[WhiteElo "2570"]
[BlackElo "2581"]
[Annotator "Ribli,Z"]
[PlyCount "132"]
[EventDate "2001.01.08"]
[EventType "swiss"]
[EventRounds "11"]
[EventCountry "ESP"]
[SourceTitle "CBM 081"]
[Source "ChessBase"]
[SourceDate "2001.03.20"]
[SourceVersion "1"]
[SourceVersionDate "2001.03.20"]
[SourceQuality "1"]

1. e4 c5 2. Nf3 e6 3. d4 cxd4 4. Nxd4 a6 5. Nc3 Qc7 6. Bd3 Nc6 7. Be3 {Das ist
die Hauptfortsetzung. Auch Kasparov spielt diese Variante.} (7. Nxc6 dxc6 (7...
bxc6) 8. O-O e5 9. f3) 7... Nf6 8. O-O Bd6 {Hier gibt es eine Vielzahl
alternativer Fortsetzungen: 8...b5, 8...h5, 8...Nxd4, 8...Ne5 und 8...d6.} 9.
f4 (9. Nxc6 bxc6 10. f4 e5 11. f5 Be7 12. Qf3 Bb7 13. Na4 d5 $13) (9. h3 Bf4
$11) 9... Bc5 (9... Nxd4 10. e5 Nc6 (10... Bxe5 11. fxe5 Qxe5 12. Qd2 $36) 11.
exf6 gxf6 12. Qh5 $44) 10. Nf5 Bxe3+ {Das ist die sichere Variante. Nach dem
Abtausch des Läufers bekommt Schwarz eine solide Stellung.} (10... Ne7 {
Das ist eine ambitionierte Fortsetzung. Schwarz kann hier zwar u.U. eine Figur
gewinnen, doch Weiß bekommt dafür mächtigen Angriff.} 11. Nxg7+ (11. Na4 $6
Bxe3+ (11... exf5 $13) 12. Nxe3 b5 13. Nc3 Bb7 $11) 11... Kf8 12. Bxc5 Qxc5+
13. Kh1 Kxg7 14. e5 Ne8 15. Ne4 Qc7 16. Qh5 Ng6 17. Nf6 Qd8 18. f5 $40) 11.
Nxe3 d6 12. Kh1 b6 $5 {Schwarz möchte seinen Läufer nach b7 entwickeln. 12...
b5 wäre weniger solide, weil Weiß den schwarzen Damenflügel mit a2-a4
provozieren könnte. Eine zentrale Idee des Zuges ist, sich die Option zur
langen Rochade offen zu halten.} (12... O-O 13. g4 Nd7 14. g5 b5 15. Qh5 (15.
Rf3 Bb7 16. Rh3 g6 17. Qg4 Nd4 18. Qh4 h5 19. gxh6 b4 20. Ncd1 Qd8 21. Qxd8
Raxd8 $44 {0-1 Ramesh,R-Miles,A/Sakthi 1996/CBM 53/[Ribli] (37)}) 15... Bb7 16.
f5 Nce5 17. f6 (17. Rf4 $40) 17... Qc5 $1 {0-1 Timman,J-Short,N/Amsterdam 1996/
CBM 52/[Ribli] (56)}) 13. Qe1 {Weiß bereitet Qg3 bzw. Qh4 vor. Das Sorgenkind
der weißen Stellung ist der unglücklich postierte Ne3.} (13. Ng4 Nxg4 (13...
Nd7 14. Qe2 Bb7 15. Rae1 Nc5 16. Nd5 exd5 17. exd5+ Ne7 18. f5 f6 19. Rf3 Bxd5
20. Re3 Ra7 {0-1 Smirnov,P-Bocharov,D/Ufa 2000/EXT 2001 (37)}) 14. Qxg4 O-O 15.
Rf3 Ra7 16. Rh3 f6 17. a3 b5 18. e5 f5 19. Qh4 h6 {0-1 Olenin,N-Fominyh,A/St
Petersburg 2000/EXT 2001 (57)}) (13. Qf3 Bb7 14. Qg3 (14. f5 Ne5 15. Qh3 Qe7
16. fxe6 fxe6 17. Nc4 b5 18. Nxe5 dxe5 19. Qg3 Qc7 20. Qh3 Qe7 21. Qg3 Qc7 22.
Qh3 {1/2-1/2 Hoffmann,M-Huebner,R/Germany 1997/GER-chT (22)}) 14... O-O 15. Qh4
Rfd8 16. Rf3 Ne7 17. f5 exf5 18. Nxf5 Nxf5 19. Rxf5 Nd7 20. Qe7 Rf8 21. Nd5
Bxd5 22. Rxd5 Ra7 23. Qxd6 Nc5 {1/2-1/2 Shabalov,A-Stripunsky,A/Philadelphia
1998/EXT 2000 (45)}) 13... Bb7 (13... O-O 14. Qh4 (14. Qg3)) 14. Qh4 O-O-O $11
{Der schwarze König befindet sich am Damenflügel in Sicherheit, der letzte Zug
von Weiß erscheint nunmehr überflüssig.} 15. Qf2 {[%cal Gf2b6]} Kb8 {Das ist
prinzipiell ein nützlicher, prophylaktischer Zug.} 16. a4 $6 {Dieser Zug ist
nur scheinbar aktiv, in Wirklichkeit hat Weiß keine konkreten Drohungen. Weiß
schwächt damit vielmehr den Punkt d4.} (16. Nc4 Nd7 $11 (16... b5 17. Ne3 $11))
(16. a3 d5 $5 17. exd5 (17. e5 Ne8 $11 (17... Nd7 18. Ncxd5 exd5 19. Nxd5 Qc8
20. Nxb6 $13)) 17... exd5 18. Nf5 d4 (18... g6 19. Nd4 $14) 19. Ne2 Ng4 $13)
16... Nb4 {[%csl Gb4]} 17. Ra3 (17. a5 b5) 17... d5 $36 {Schwarz verschafft
sich die Initiative - es droht 18...d4.} 18. exd5 (18. e5 d4 19. exf6 dxe3 20.
Qxe3 gxf6 $13 {[%cal Gh8g8,Gg8g2]}) 18... exd5 19. Nf5 d4 $5 {[%mdl 512]
Dynamisch gespielt - Schwarz opfert einen Bauern, öffnet dafür aber die
Diagonale a8-h1 und die d-Linie.} (19... g6 20. Nd4 Ne4 $13) 20. Nxd4 Nxd3 (
20... Ng4 21. Qg1 Rhe8 $44) 21. cxd3 Rhe8 {Weiß hat einen Mehrbauern, doch
Schwarz hat spürbar die Oberhand im Zentrum.} (21... Ng4 22. Qg1 Rhe8 $44) 22.
h3 {Weiß verteidigt sich gegen die Drohung Ng4.} Qc5 (22... Qd7 {[%cal Rd8d4,
Rd7h3]} 23. Nf3 Bxf3 24. Qxf3 Qxd3 25. Qf2 Qd4 $11) 23. Nf3 (23. Nce2 Nd5 $44)
23... Qxf2 24. Rxf2 Rxd3 $15 {[%csl Gd3][%cal Gb7h1,Ge8e1] Die schwarzen
Figuren sind spürbar aktiv - die weiße Stellung hingegen weist einige
Felderschwächen auf.} 25. Kh2 (25. Ne5 $2 Rxh3+ $17) 25... Bxf3 26. Rxf3 (26.
gxf3 Ree3 $17) 26... Rxf3 27. gxf3 Rd8 {[%cal Rd8d2,Rd2h2,Rd2b2]} 28. Rb3 Kb7
29. Rb4 g6 {Schwarz legt die Schwäche f4 fest..} 30. Kg3 Rd2 31. Kh4 Rg2 $17 {
Die weiße Stellung ist sehr passiv, besonders der Kh4 steht schrecklich.} 32.
Rc4 Ne8 {[%csl Rh4][%cal Re8d6,Rd6c4,Rd6f5,Rf5h4] Droht} (32... h6 33. Ne4 Ne8
34. Rd4 $17 {[%cal Gd4d2]} (34. b4 f5 $19 (34... Ng7 $2 35. Nd6+ {Und Weiß hat
mindestens Dauerschach durch Rc8+ und Rc7+.})) (34. f5 {Das ist nur eine
Zugumstellung zu unserer Partie.})) (32... Rxb2 $17) 33. Ne4 h6 34. f5 {
Das ist ein aus der Verzweiflung geborenes Bauernopfer. Es gelingt Weißt damit
zwar, sich von seinem Doppelbauern zu befreien und die schwarze Bauernstruktur
zu korrumpieren - aber eben auf Kosten eines Bauern.} gxf5 35. Ng3 Nd6 (35...
Ng7) 36. Rf4 Rxb2 37. Nxf5 Nxf5+ 38. Rxf5 {[%mdl 4096] Weiß hat einen Bauern
weniger, aber in Turmendspielen gibt es in der Praxis fast immer
Rettungschancen.} Rb4+ 39. Kh5 a5 (39... Rxa4 40. Rxf7+ Kc6) 40. Rxf7+ Ka6 41.
f4 Rxa4 42. Kxh6 $15 {Wer ist schneller? Schwarz hat zwei verbundene Bauern am
Damenflügel, doch Weiß hat auch zwei - allerdings nicht verbundene -
Freibauern am Königsflügel. In einer praktischen Partie ist es m.E. ein Ding
der Unmöglichkeit, wirklich alle Varianten durchzurechnen.  Grundsätzlich
scheint mir Schwarz aber schneller zu sein.} Ra1 {[%cal Ra1h1,Rh1h3]} 43. h4 (
43. f5 $2 Rh1 $19) 43... a4 44. f5 b5 (44... a3 45. Rf8 Kb5 46. f6 a2 47. Ra8
Rf1 48. Rxa2 Rxf6+ $11) 45. Rf8 Kb7 46. Rf7+ Kb6 47. Rf8 b4 48. Rb8+ Kc5 49. f6
{Auch das ist ein wichtiger Faktor: Weiß droht die Bauernumwandlung mit Schach
auf f8.} b3 50. f7 Rf1 51. Kg6 $11 {[%csl Gb8] Das ist eine interssante
Stellung - beide Spieler haben zwei gefährliche Freibauern. Aber keiner von
beiden kann mit seinen Bauern entscheidend weitergehen, daher ist die Stellung
Remis. Im Falle von f7-f8Q gibt Schwarz den Turm für die Dame und gewinnt dann
mit den Bauern am Damenflügel. Schwarz hingegen muss mit seinem Turm den Pf7
im Auge behalten, und seine Bauern am Damenflügel kommen ebenfalls nicht voran.
} (51. f8=Q+ Rxf8 52. Rxf8 b2 53. Rb8 a3 $19) 51... Kc4 52. Rc8+ Kd3 53. Rd8+
Kc2 54. Rc8+ Kd3 (54... Kb1 55. Ra8 (55. f8=Q Rxf8 56. Rxf8 a3 (56... b2 57. h5
$11) 57. h5 b2 58. h6 Ka1 59. Rf1+ b1=Q+ 60. Rxb1+ Kxb1 61. h7 a2 $11) 55... b2
56. Rxa4 Kc2 57. Rb4 b1=Q 58. Rxb1 Kxb1 59. h5 Rg1+ 60. Kh7 Rf1 61. Kg8 Rg1+
62. Kf8 Rh1 63. Ke7 Re1+ $11) 55. Rd8+ Kc4 56. Rc8+ Kb4 57. Rb8+ Kc3 (57... Kc4
{Das wäre - nach 58.Rc8+ - dreimalige Stellungswiederholung (Siehe 52. und 56.
Rc8+).}) 58. Rc8+ Kd2 59. Rd8+ Kc1 60. Rc8+ Kd2 61. Rd8+ Kc3 62. Rc8+ Kb4 63.
Rb8+ Kc5 {Wir haben dieselbe Stellung wie im 51.Zug. Der einzige Unterschied
ist, dass hier Weiß am Zug ist, dort lautete der letzte Zug 51.Kg6.} 64. h5
Rg1+ 65. Kh6 (65. Kh7 Rf1 66. Kg8 Rg1+ 67. Kh8 Rf1 $11) 65... Rf1 66. Kg6 Rg1+
1/2-1/2